Statistics for Country by Tower

Click here to take the quiz!

General Stats

  • This quiz has been taken 14 times
  • The average score is 9 of 16

Answer Stats

Answer% Correct
Italy
92%
United Kingdom
92%
China
85%
Canada
69%
Morocco
69%
United States
69%
Germany
62%
Portugal
62%
Iran
54%
Egypt
46%
India
46%
Australia
38%
Indonesia
38%
Afghanistan
31%
Hungary
31%
Zimbabwe
15%

Score Distribution

Percentile by Number Answered

Percent of People with Each Score

Your Score History

You have not taken this quiz